ASIA but not Asian (Minefield) Quiz Stats

 Plays Quiz Updated Nov 26, 2018

Support Sporcle.
Go Orange.
Score 0/33 Timer 05:00
1 Play Today
Letter Country % Correct
A???
75.2%
A???
71.9%
A???
68.4%
S???
67.1%
I???
64.5%
MINE???
64.1%
S???
63.5%
A???
63.3%
A???
63.2%
I???
63%
S???
62.5%
S???
62.3%
A???
62.2%
A???
61.8%
S???
61.3%
S???
59.1%
S???
57.2%
Letter Country % Correct
S???
56.7%
S???
56%
I???
55.2%
S???
52.4%
S???
51.6%
A???
51.2%
S???
50.4%
S???
47.7%
S???
46.7%
S???
46%
S???
43.7%
S???
41.7%
S???
41.1%
S???
37.5%
S???
36.7%
S???
36.4%

You're not logged in!

Compare scores with friends on all Sporcle quizzes.
OR
Log In
Forgot?

From the Vault

Friends-ified Country Names

by NO_r_WAY

Could it BE that Country?
Remove Ads.
Support Sporcle.
Get the best of Sporcle when you Go Orange. This ad-free experience offers more features, more stats, and more fun while also helping to support Sporcle. Thank you for becoming a member.

Show Comments

Extras

Top Quizzes Today


Score Distribution

Your Account Isn't Verified!

In order to create a playlist on Sporcle, you need to verify the email address you used during registration. Go to your Sporcle Settings to finish the process.

Report this User

Report this user for behavior that violates our Community Guidelines.

Details: